Cuentos completos / (Registro nro. 982)

000 -CABECERA
campo de control de longitud fija 00823nam a2200241 a 4500
001 - NÚMERO DE CONTROL
campo de control $$a0000015935
005 - FECHA Y HORA DE LA ÚLTIMA TRANSACCIÓN
campo de control 20200120221951.0
008 - DATOS DE LONGITUD FIJA--INFORMACIÓN GENERAL
campo de control de longitud fija 001130s1997 esp0 gr0 000 d
020 ## - NÚMERO INTERNACIONAL ESTÁNDAR DEL LIBRO
Número Internacional Estándar del Libro 84-204-8139-4
090 ## - LOCALMENTE ASIGNADO TIPO-LC NÚMERO DE CLASIFICACIÓN (OCLC); NÚMERO DE CLASIFICACIÓN LOCAL (RLIN)
Número de clasificación (OCLC) (R) ; Numero de clasificación, CALL (RLIN) (NR) AC
Número cutter local (OCLC) ; Número de libro/Signatura topográfica íntegra, CALL (RLIN) CORcu
100 0# - ENTRADA PRINCIPAL--NOMBRE DE PERSONA
Nombre de persona Cortazar, Julio
245 10 - MENCIÓN DE TÍTULO
Título Cuentos completos /
Mención de responsabilidad, etc. Julio Cortazar.
250 ## - MENCIÓN DE EDICIÓN
Mención de edición 8a.ed.
260 ## - PUBLICACIÓN, DISTRIBUCIÓN, ETC.
Lugar de publicación, distribución, etc. Madrid
Nombre del editor, distribuidor, etc. Alfaguara
Fecha de publicación, distribución, etc. 1997
300 ## - DESCRIPCIÓN FÍSICA
Extensión 2 v.
490 ## - MENCIÓN DE SERIE
Mención de serie Colección UNESCO de obras representativas - Iberoamericana
500 ## - NOTA GENERAL
Nota general Donación v.1 y v.2 Ej. 1 de Chicalá. Premio Santillana 2005
500 ## - NOTA GENERAL
Nota general Ejemplar 1 v.2 de Calle 63, Chicalá, ISBN 958-7041-64-X de 2004
500 ## - NOTA GENERAL
Nota general Ej. 2 del v.2, de Marichuela, donado por la Secretaría de Educación de Bogotá
650 14 - PUNTO DE ACCESO ADICIONAL DE MATERIA--TÉRMINO DE MATERIA
Término de materia o nombre geográfico como elemento de entrada CUENTOS ARGENTINOS
650 14 - PUNTO DE ACCESO ADICIONAL DE MATERIA--TÉRMINO DE MATERIA
Término de materia o nombre geográfico como elemento de entrada LITERATURA ARGENTINA
650 14 - PUNTO DE ACCESO ADICIONAL DE MATERIA--TÉRMINO DE MATERIA
Término de materia o nombre geográfico como elemento de entrada LITERATURA ADULTOS
Existencias
Estado de retiro Estado de pérdida Fuente del sistema de clasificación o colocación Estado dañado No para préstamo Código de colección Localización permanente Ubicación/localización actual Fecha de adquisición Número de inventario Total de préstamos Signatura topográfica completa Código de barras Fecha visto por última vez Fecha del último préstamo Número de copia Precio válido a partir de Tipo de ítem Koha Nota pública Renovaciones totales En préstamo
          Literatura Adulto Biblioteca Pública San Juan Bosco Biblioteca Pública San Juan Bosco 20/01/2020 NT 7 AC CORcu MOS019997 08/03/2023 25/01/2023 v.1 ej.1 20/01/2020 Libro Literatura Quince días    
          Literatura Adulto Biblioteca Pública San Juan Bosco Biblioteca Pública San Juan Bosco 20/01/2020 NT 2 AC CORcu MOS019998 21/06/2024 17/05/2024 v.2 ej.1 20/01/2020 Libro Literatura Quince días 2 01/07/2024

© Todos los derechos reservados para la Biblioteca Pública Municipal San Juan Bosco, 2020
Secretaria de Cultura de Mosquera
Carrera 3 N° 10 Esquina Centro Cultural Barrio El Carmén Teléfono: 8270830 Ext: 34
Funcionando con KOHA
Contacto: Biblioteca Pública Municipal San Juan Bosco/ bibliotecasanjuanbosco@mosquera-cundinamarca.gov.co
Mosquera, Cundinamarca